| 000 | 00722nam a2200217 ar4500 | ||
|---|---|---|---|
| 001 | 2507 | ||
| 005 | 20221127090455.0 | ||
| 008 | 110322s xxu a 00110 eng d | ||
| 020 |
_a9780071547673(hpb) : _cSR350.00 |
||
| 082 | 0 | 4 |
_a658.4013 _bY16 2009 |
| 100 | 1 | _aYang, Kai. | |
| 245 | 1 | 0 |
_aDesign for six sigma : _ba roadmap for product development / _cKai Yang, Basem El-Haik. |
| 250 | _a2nd ed. | ||
| 260 |
_aNew York : _bMcGraw-Hill, _c2009. |
||
| 300 |
_axx, 741 p. : _bill. ; _c23 cm. |
||
| 504 | _aIncludes bibl. references and index. | ||
| 650 | 4 |
_aQuality control _xStatistical methods. |
|
| 650 | 4 | _aProduction control. | |
| 650 | 4 | _aSix sigma(Quality control standard). | |
| 700 | 0 |
_aEl-Haik, Basem S., _ejt. auth. |
|
| 999 |
_c2505 _d2505 |
||